Ultimate Hitman Quiz (Hitman I) - Statistics

General Stats
  • This quiz has been taken 318 times
  • The average score is 17 of 36
Answer Stats
Hint Answer % Correct
Company that recruits Agent 47 ICA
96%
Woman who recommends Agent 47 to the board Diana Burmwood
93%
"The Showstopper" location Paris
88%
Location of "World of Tomorrow" Sapienza
74%
Target for "The Showstopper Viktor Novikov
69%
Other target for "The Showstopper" Dalia Margolis
68%
Location of "A Gilded Cage" Marrakesh
65%
Location of "Freedom Fighters" Colorado
63%
Location of "Situs Inversus" Hokkaido
63%
Location of "Club 27" Bangkok
62%
Second target in ICA mission. Former chess champion Jasper Knight
60%
First target in ICA practice mission. Known as "The Sparrow" Kalvin Ritter
59%
Other target for "World of Tomorrow" Francesca De Santis
57%
Target for "Club 27" Jordan Cross
57%
Target for "World of Tomorrow": Silvio Caruso
55%
Company that makes deadly virus in "World of Tomorrow" Ether
52%
Other target for "Situs Inversus" Yuki Yamazaki
51%
Target for "Situs Inversus" Erich Soders
50%
Other Target for "Club 27" Ken Morgan
50%
Other target for "A Gilded Cage" Reza Zaydan
50%
Target for "Freedom Fighters" Sean Rose
50%
Other target for "Freedom Fighters" Ezra Berg
49%
Robot name in "Situs Inversus" KAI
44%
Other target for "Freedom Fighters" Penelope Graves
43%
Other target for "Freedom Fighters" Maya Parvati
42%
Target for "A Gilded Cage" Claus Hugo Strandberg
41%
Hospital name in "Situs Inversus" Gama
40%
Bodyguard group in "The Showstopper" CICADA
38%
Name of Cross' band The Class
27%
The group name of these six men The Sarajevo Six
19%
The Mercenary Patrick Morgan
9%
The Veteran John Stubbs
8%
The Director Scott Sarno
7%
The Enforcer Gary Lunn
6%
The Extractor Walter Menard
6%
The Controller Taheiji Koyama
5%
No matching quizzes found
Score Distribution
Percent of People with Each Score
Percentile by Number Answered
Your Score History
You have not taken this quiz